000 00874nam a22002177a 4500
999 _c19798
_d19798
003 AR-CdUCM
008 190522b ||||| |||| 00| 0 spa d
040 _aMUNICIPALIDAD PROVINCIAL DEL CUSCO
_cBIBLIOTECA MUNICIPAL DEL CUSCO
082 _a372.33 /
_bP52
100 _aPiaget, Jean
_912656
245 _aEl lenguaje y el pensamiento en el niño :
_bestudio sobre la lógica del niño /
260 _aBuenos Aires :
_bGuadalupe,
_c1972.
300 _a191 páginas ;
_c23 cm.
505 _aContenido: Las funciones del lenguaje en dos niños de seis años -- La medida del lenguaje egocéntrico en los intercambios verbales con el adulto y en los intercambios entre niños...
650 _aPsicología
_91538
650 _aNiñez
_92986
650 _aLenguaje
_95227
700 _aRiani, Mercedes (traducción)
_941405
942 _2ddc
_cLIBROS
945 _adavv
_d2019-05-22